[Event "Aberto Brasil - II Niterói Chess Open "]
[Site "Salão de Convenções do Hot"]
[Date "2022.09.01"]
[Round "1.17"]
[White "De Souza, Roberto Fabelino"]
[Black "Baules Rodriguez, Jorge Luis"]
[Result "0-1"]
[WhiteElo "1742"]
[BlackElo "2307"]
[PlyCount "68"]
[EventDate "2022.09.01"]
[EventRounds "9"]
[EventCountry "BRA"]

1. e4 c5 2. Nc3 Nc6 3. f4 g6 4. Nf3 Bg7 5. g3 e6 6. Bg2 d6 7. O-O Nge7 8. d3
Rb8 9. Rb1 O-O 10. Be3 Nd4 11. Ne2 Nec6 12. c3 Nxf3+ 13. Bxf3 b6 14. d4 Ba6 15.
d5 exd5 16. Qxd5 Qc7 17. e5 dxe5 18. Qxc6 Qxc6 19. Bxc6 Bxe2 20. Rfe1 Bd3 21.
Rbd1 e4 22. Bf2 f5 23. Bd5+ Kh8 24. Rd2 Rfd8 25. Bb3 c4 26. Bd1 b5 27. a3 a5
28. Be2 b4 29. axb4 axb4 30. Rc1 bxc3 31. bxc3 Rb3 32. Bd4 Bxd4+ 33. cxd4 c3
34. Ra2 Rb2 0-1

[Event "Aberto Brasil - II Niterói Chess Open "]
[Site "Salão de Convenções do Hot"]
[Date "2022.09.01"]
[Round "1.18"]
[White "Limp, Eduardo Thelio"]
[Black "Melo, Igor De Souza"]
[Result "1-0"]
[WhiteElo "2298"]
[BlackElo "1741"]
[PlyCount "81"]
[EventDate "2022.09.01"]
[EventRounds "9"]
[EventCountry "BRA"]

1. e4 c5 2. Nf3 g6 3. d4 cxd4 4. Nxd4 Nc6 5. c4 Bg7 6. Be3 Nf6 7. Nc3 O-O 8.
Be2 d6 9. O-O Nxd4 10. Bxd4 Bd7 11. f3 Bc6 12. b4 b6 13. Qd2 Nd7 14. Bxg7 Kxg7
15. Nd5 Rc8 16. Rac1 Bb7 17. Rfd1 Re8 18. f4 f6 19. Bg4 Bc6 20. Be6 Ra8 21. a3
Nf8 22. Bg4 Bd7 23. Bf3 Rc8 24. e5 dxe5 25. fxe5 f5 26. Qb2 Ne6 27. Nf4 Qc7 28.
Rxd7 Qxd7 29. Bd5 Rc6 30. b5 Rcc8 31. Bxe6 Qb7 32. Bxc8 Rxc8 33. e6+ Kg8 34.
Nd5 Rc5 35. Rd1 Rxc4 36. Nf6+ exf6 37. Rd8+ Kg7 38. Rd7+ Qxd7 39. exd7 Kh6 40.
d8=Q Ra4 41. Qdxf6 1-0

[Event "Aberto Brasil - II Niterói Chess Open "]
[Site "Salão de Convenções do Hot"]
[Date "2022.09.01"]
[Round "1.19"]
[White "Da Rocha, Joao Batista Jose"]
[Black "Cominato Neto, Jose Luis"]
[Result "0-1"]
[WhiteElo "1734"]
[BlackElo "2270"]
[PlyCount "104"]
[EventDate "2022.09.01"]
[EventRounds "9"]
[EventCountry "BRA"]

1. d4 f5 2. Bg5 g6 3. Nf3 Bg7 4. g3 Nf6 5. Bxf6 Bxf6 6. h4 c5 7. c3 cxd4 8.
cxd4 Nc6 9. e3 b6 10. Nc3 Bb7 11. Bg2 e6 12. a3 Ne7 13. O-O O-O 14. Rc1 Rc8 15.
Re1 Nd5 16. Nxd5 Bxd5 17. Qa4 Bc6 18. Qd1 Rc7 19. Ne5 Bxg2 20. Kxg2 Qb8 21.
Rxc7 Qxc7 22. Qc1 Bxe5 23. dxe5 Qxe5 24. Qd2 d5 25. Rc1 Rd8 26. Qd4 Qd6 27. f4
Kf7 28. b4 Re8 29. Rc3 e5 30. Qd2 exf4 31. gxf4 Re4 32. Rd3 Qc6 33. Kf2 Ke6 34.
Rd4 b5 35. Rxe4+ dxe4 36. Qd4 Qb6 37. Qe5+ Kf7 38. Qd5+ Kg7 39. Qe5+ Kh6 40.
Qc5 Kh5 41. Ke2 Qf6 42. Qxa7 Qxh4 43. Kd2 Qh2+ 44. Kd1 Kg4 45. Qc5 Kf3 46. Qxb5
Qg1+ 47. Kc2 h5 48. Qe8 h4 49. Qh8 Qg2+ 50. Kb3 h3 51. Qa1 h2 52. Qd1+ Kg3 0-1

[Event "Aberto Brasil - II Niterói Chess Open "]
[Site "Salão de Convenções do Hot"]
[Date "2022.09.01"]
[Round "1.20"]
[White "Rego, Vinicius V. De Alme"]
[Black "Carrillo Marval, Maria Angelica"]
[Result "1-0"]
[WhiteElo "2269"]
[BlackElo "1734"]
[PlyCount "83"]
[EventDate "2022.09.01"]
[EventRounds "9"]
[EventCountry "BRA"]

1. Nf3 Nf6 2. d4 g6 3. c4 d5 4. cxd5 Nxd5 5. e4 Nb6 6. h3 Bg7 7. Nc3 O-O 8. Be2
c5 9. dxc5 Bxc3+ 10. bxc3 Qxd1+ 11. Bxd1 N6d7 12. Ba3 Na6 13. c6 bxc6 14. Bc2
c5 15. Nd2 Bb7 16. Nc4 Rac8 17. O-O-O Nb6 18. Na5 Ba8 19. f3 Rc7 20. Rd2 Nb8
21. Rhd1 Nc6 22. Nxc6 Rxc6 23. Rd8 Rc8 24. Rxc8 Rxc8 25. Bd3 Bb7 26. Be2 e6 27.
Kd2 Rd8+ 28. Kc2 Rc8 29. Rb1 f5 30. e5 Bd5 31. Rb5 Nd7 32. c4 Bc6 33. Ra5 Rc7
34. Kc3 Nb6 35. Bxc5 Na4+ 36. Kd4 Rd7+ 37. Bd6 Rb7 38. Bd1 Nb6 39. Rc5 Be8 40.
Bb3 a6 41. Ra5 Ra7 42. c5 1-0

[Event "Aberto Brasil - II Niterói Chess Open "]
[Site "Salão de Convenções do Hot"]
[Date "2022.09.01"]
[Round "1.21"]
[White "Hubner, Jessica Trindade"]
[Black "Pires, Marcos Vinicius Tor"]
[Result "0-1"]
[WhiteElo "1727"]
[BlackElo "2262"]
[PlyCount "110"]
[EventDate "2022.09.01"]
[EventRounds "9"]
[EventCountry "BRA"]

1. e4 e5 2. Nf3 Nc6 3. Bb5 a6 4. Ba4 Nf6 5. O-O Be7 6. Re1 b5 7. Bb3 d6 8. h3
Na5 9. d4 Nxb3 10. axb3 exd4 11. Nxd4 Bd7 12. Nc3 O-O 13. Nd5 Re8 14. Nxe7+
Qxe7 15. Bf4 Nxe4 16. Qd3 f5 17. f3 Qh4 18. fxe4 Qxf4 19. Nxf5 Qe5 20. Nd4 Rf8
21. Nf3 Qc5+ 22. Kh2 Bc6 23. Re2 Bb7 24. Qc3 Qxc3 25. bxc3 Rae8 26. Rae1 Re7
27. b4 Rfe8 28. Nd2 Re5 29. Kg3 d5 30. Kf4 g5+ 31. Kg4 h6 32. Re3 Kg7 33. Kf3
Kg6 34. g4 dxe4+ 35. Kg3 R5e7 36. Nb3 h5 37. gxh5+ Kxh5 38. Nc5 Bd5 39. Nxa6
Rf8 40. Nc5 Ref7 41. Nxe4 Bxe4 42. Rxe4 Rf3+ 43. Kg2 Rxc3 44. R1e2 Rff3 45. h4
Rg3+ 46. Kf2 Rcf3+ 47. Ke1 gxh4 48. Re8 Kg4 49. R2e4+ Rf4 50. R4e7 Rxb4 51.
Rxc7 Rf4 52. Rh7 Kf3 53. Reh8 Rd4 54. Rf7+ Kg2 55. Rfh7 Re3# 0-1

[Event "Aberto Brasil - II Niterói Chess Open "]
[Site "Salão de Convenções do Hot"]
[Date "2022.09.01"]
[Round "1.22"]
[White "De Souza, Regis Gabetta"]
[Black "Simas, Breno Matos"]
[Result "1-0"]
[WhiteElo "2245"]
[BlackElo "1715"]
[PlyCount "83"]
[EventDate "2022.09.01"]
[EventRounds "9"]
[EventCountry "BRA"]

1. d4 d5 2. c4 c6 3. Nc3 Nf6 4. Nf3 dxc4 5. a4 Bf5 6. e3 e6 7. Bxc4 Bb4 8. O-O
O-O 9. Qe2 Nbd7 10. e4 Bg6 11. e5 Nd5 12. Ne4 Re8 13. Bg5 Qa5 14. Rfd1 N7b6 15.
Bd3 Nc8 16. Nh4 Nce7 17. Nd6 Reb8 18. Nxg6 Nxg6 19. Nc4 Qc7 20. Be4 h6 21. Bc1
Nde7 22. Be3 Rd8 23. Rac1 Nd5 24. Bd2 Bf8 25. Qg4 Nde7 26. Be3 Qd7 27. Nd6 Nd5
28. Nxf7 Qxf7 29. Bxg6 Qd7 30. Be4 Nxe3 31. fxe3 Qe8 32. Bg6 Qd7 33. Rf1 Be7
34. Bf7+ Kh8 35. Bxe6 Qe8 36. Rf3 Bg5 37. Rcf1 Qe7 38. h4 Bxh4 39. Rh3 Bg5 40.
Rf7 Qb4 41. Qxg5 Rg8 42. Rxh6+ 1-0

[Event "Aberto Brasil - II Niterói Chess Open "]
[Site "Salão de Convenções do Hot"]
[Date "2022.09.01"]
[Round "1.24"]
[White "Mesias Rojas, Rabindranath"]
[Black "Pavao, Fabio Biasi"]
[Result "1-0"]
[WhiteElo "2227"]
[BlackElo "1703"]
[PlyCount "82"]
[EventDate "2022.09.01"]
[EventRounds "9"]
[EventCountry "BRA"]

{[%evp 0,82,14,8,44,44,82,75,75,59,84,81,2,-19,69,31,50,-17,106,92,92,43,55,65,
31,67,69,71,55,70,101,90,95,87,94,80,104,123,91,95,95,97,120,32,31,16,78,15,
188,207,205,205,205,211,211,62,67,74,77,69,60,-22,4,-30,32,35,37,29,29,29,98,
98,77,-5,7,-26,38,49,94,101,105,99,110,104,231]} 1. e4 c5 2. Nc3 g6 3. Bc4 Bg7
4. Qf3 e6 5. Nb5 d6 6. Qg3 e5 7. Qb3 Nh6 8. d4 O-O 9. dxc5 dxc5 10. Be3 a6 11.
Rd1 Qa5+ 12. Bd2 Qb6 13. Nc3 Qxb3 14. Bxb3 b5 15. Bd5 Ra7 16. f3 Kh8 17. h4 f6
18. h5 g5 19. Be3 Rc7 20. Nge2 Nd7 21. a4 b4 22. Nb1 Nb6 23. a5 Na4 24. b3 Nb2
25. Rd2 c4 26. Bb6 Rd7 27. Bxc4 Nxc4 28. bxc4 f5 29. Ng3 g4 30. O-O gxf3 31.
gxf3 fxe4 32. Nxe4 Nf5 33. Rxd7 Bxd7 34. Nbd2 Nd4 35. Bxd4 exd4 36. f4 Rf5 37.
Rb1 Bf8 38. c5 Bxc5 39. Nxc5 Rxc5 40. Rxb4 Rxh5 41. Rxd4 Be6 {ilegivel} 1-0

[Event "Aberto Brasil - II Niterói Chess Open "]
[Site "Salão de Convenções do Hot"]
[Date "2022.09.01"]
[Round "1.25"]
[White "Rabello, Gabriel Urubatan Fr"]
[Black "Costa, Carlos Evanir"]
[Result "0-1"]
[WhiteElo "1703"]
[BlackElo "2224"]
[PlyCount "88"]
[EventDate "2022.09.01"]
[EventRounds "9"]
[EventCountry "BRA"]

1. e4 c5 2. Nf3 d6 3. d4 cxd4 4. Nxd4 Nf6 5. Nc3 a6 6. Be3 e6 7. f3 Be7 8. Bc4
Qc7 9. Bb3 O-O 10. Qd2 Nbd7 11. Bxe6 fxe6 12. Nxe6 Qc4 13. Nxf8 Bxf8 14. b3 Qc6
15. g4 Ne5 16. Rf1 Be6 17. g5 Ne8 18. Nd5 b5 19. f4 Nd7 20. f5 Bf7 21. f6 g6
22. O-O-O a5 23. Qf2 Ne5 24. Bd4 Qb7 25. Qf4 Nc6 26. Bb2 a4 27. Rf3 axb3 28.
axb3 Ra7 29. Rdf1 Ne5 30. Bd4 Nxf3 31. Bxa7 Nxg5 32. Be3 Nxe4 33. Qxe4 Qxd5 34.
Qxd5 Bxd5 35. Kd2 Kf7 36. Bd4 Be4 37. Ra1 Nxf6 38. Ra5 Bc6 39. c4 bxc4 40. b4
d5 41. Bc3 Ne4+ 42. Kc2 Nxc3 43. Kxc3 Bg7+ 44. Kc2 d4 0-1

[Event "Aberto Brasil - II Niterói Chess Open "]
[Site "Salão de Convenções do Hot"]
[Date "2022.09.01"]
[Round "1.26"]
[White "Terao, Juliana Sayumi"]
[Black "Pereira, Arthur Macedo"]
[Result "1-0"]
[WhiteElo "2223"]
[BlackElo "1703"]
[PlyCount "67"]
[EventDate "2022.09.01"]
[EventRounds "9"]
[EventCountry "BRA"]

1. e4 c5 2. c3 d5 3. exd5 Qxd5 4. d4 e6 5. Nf3 Nf6 6. Be3 cxd4 7. cxd4 Bb4+ 8.
Nc3 Nc6 9. Bd3 O-O 10. O-O Bxc3 11. bxc3 h6 12. c4 Qd6 13. Qd2 Rd8 14. Rfd1 Kf8
15. Rac1 e5 16. dxe5 Nxe5 17. Nxe5 Qxe5 18. Qb4+ Kg8 19. Bh7+ Kxh7 20. Rxd8 Ng4
21. Qd6 Qxd6 22. Rxd6 Nxe3 23. fxe3 Be6 24. a3 Kg6 25. c5 Kf6 26. Rb1 Rb8 27.
c6 b6 28. c7 Rc8 29. Re1 Ke7 30. Rd4 Bd7 31. Kf2 f5 32. e4 fxe4 33. Rdxe4+ Kf6
34. Rd4 1-0

[Event "Aberto Brasil - II Niterói Chess Open "]
[Site "Salão de Convenções do Hot"]
[Date "2022.09.01"]
[Round "1.27"]
[White "Campagnolo, Fabiola"]
[Black "Gauche, Charles"]
[Result "0-1"]
[WhiteElo "1702"]
[BlackElo "2219"]
[PlyCount "62"]
[EventDate "2022.09.01"]
[EventRounds "9"]
[EventCountry "BRA"]

1. e4 e5 2. Nf3 Nf6 3. Nc3 Nc6 4. d4 exd4 5. Nxd4 d6 6. Be2 Be7 7. O-O O-O 8.
f4 Nxd4 9. Qxd4 c6 10. Be3 Bg4 11. f5 Bxe2 12. Nxe2 Ng4 13. Bf4 Re8 14. h3 Ne5
15. Rad1 Qa5 16. Nc3 Bf6 17. b4 Nf3+ 18. Rxf3 Bxd4+ 19. Rxd4 Qb6 20. Rfd3 a5
21. bxa5 Rxa5 22. Kh2 Ra3 23. Rxd6 Qf2 24. Bd2 Qc5 25. Rd7 b5 26. g3 Qf2+ 27.
Kh1 b4 28. Rd8 Ra8 29. Rxe8+ Rxe8 30. Na4 h5 31. Bxb4 Re5 0-1

[Event "Aberto Brasil - II Niterói Chess Open "]
[Site "Salão de Convenções do Hot"]
[Date "2022.09.01"]
[Round "1.28"]
[White "Luz, Arthur Nader"]
[Black "Matsura, Eduardo"]
[Result "1-0"]
[WhiteElo "2199"]
[BlackElo "1692"]
[PlyCount "94"]
[EventDate "2022.09.01"]
[EventRounds "9"]
[EventCountry "BRA"]

1. e4 b6 2. d4 Bb7 3. Bd3 e6 4. Qe2 Ne7 5. Nf3 d6 6. Nc3 Nd7 7. d5 e5 8. a4 a6
9. O-O g6 10. a5 Nc5 11. axb6 cxb6 12. Bc4 b5 13. Ba2 b4 14. Nd1 Bg7 15. Bc4
O-O 16. Bd2 a5 17. Ne1 f5 18. f3 fxe4 19. fxe4 Rxf1+ 20. Kxf1 Kh8 21. Nd3 Nxd3
22. Bxd3 Ng8 23. Kg1 Nf6 24. b3 Nxd5 25. exd5 e4 26. Rc1 exd3 27. Qxd3 Qh4 28.
c4 Qd4+ 29. Qxd4 Bxd4+ 30. Be3 Be5 31. Rb1 a4 32. bxa4 Rxa4 33. Kf2 Kg7 34. Bd2
Bd4+ 35. Ke2 Bb6 36. Kd3 Bc5 37. Rb3 Bc8 38. Nb2 Bf5+ 39. Ke2 Bc2 40. Nxa4 Bxb3
41. Nb2 Bd4 42. Bc1 Bc2 43. Kd2 Be4 44. g3 Bg1 45. h3 Bg2 46. Ke2 Bxh3 47. Nd3
Bg4+ 1-0

[Event "Aberto Brasil - II Niterói Chess Open "]
[Site "Salão de Convenções do Hot"]
[Date "2022.09.01"]
[Round "1.29"]
[White "Silverio, Vitor Luis De Jesus"]
[Black "Silva, Kaua Marques"]
[Result "0-1"]
[WhiteElo "1689"]
[BlackElo "2199"]
[PlyCount "71"]
[EventDate "2022.09.01"]
[EventRounds "9"]
[EventCountry "BRA"]

1. e4 c6 2. d4 d5 3. exd5 cxd5 4. c4 Nf6 5. Nc3 Nc6 6. Bg5 dxc4 7. d5 Ne5 8.
Qd4 Ng6 9. Bxc4 e5 10. Qd3 Bd6 11. Ne4 Bb4+ 12. Kf1 Nxe4 13. Bxd8 Nd2+ 14. Ke1
Nf4 15. Qxd2 Nxg2+ 16. Ke2 Bxd2 17. Kxd2 Kxd8 18. Nf3 Nf4 19. Nxe5 Rf8 20. d6
Be6 21. Rac1 f6 22. Bxe6 Nxe6 23. Nf3 Kd7 24. Ke3 Rac8 25. Nd4 Nxd4 26. Kxd4
Kxd6 27. Rhg1 Rxc1 28. Rxc1 Re8 29. Kd3 Kd7 30. Rg1 g6 31. Rc1 Re5 32. Rg1 Rh5
33. Rg2 Ke6 34. f3 Rb5 35. a3 Rf5 36. b4 0-1

[Event "Aberto Brasil - II Niterói Chess Open "]
[Site "Salão de Convenções do Hot"]
[Date "2022.09.01"]
[Round "1.30"]
[White "Guimaraes, Wagner Peixoto"]
[Black "Fernandes, Joao Manoel Strauss"]
[Result "1-0"]
[WhiteElo "2188"]
[BlackElo "1688"]
[PlyCount "43"]
[EventDate "2022.09.01"]
[EventRounds "9"]
[EventCountry "BRA"]

1. d4 c5 2. e4 e6 3. Nf3 Nf6 4. e5 Nd5 5. c4 Nc7 6. Nc3 d5 7. exd6 Bxd6 8. Be3
Qe7 9. Ne4 cxd4 10. Nxd6+ Qxd6 11. Bxd4 O-O 12. Be5 Qb4+ 13. Bc3 Qe7 14. Qd4 f6
15. O-O-O e5 16. Qh4 Bf5 17. Qg3 Nc6 18. Nh4 Be6 19. Bd3 Nb4 20. Bb1 Bxc4 21.
Nf5 Qf7 22. Nh6+ 1-0

[Event "Aberto Brasil - II Niterói Chess Open "]
[Site "Salão de Convenções do Hot"]
[Date "2022.09.01"]
[Round "1.34"]
[White "Aranha Filho, Alvaro Z."]
[Black "Nobre, Jailson Altair Barb"]
[Result "1-0"]
[WhiteElo "2184"]
[BlackElo "1660"]
[PlyCount "49"]
[EventDate "2022.09.01"]
[EventRounds "9"]
[EventCountry "BRA"]

1. Nf3 d5 2. d4 e6 3. Bf4 Nf6 4. e3 Nbd7 5. Bd3 c5 6. c3 Qb6 7. Qc2 c4 8. Be2
Ne4 9. Nbd2 Ndf6 10. O-O Bd6 11. Bxd6 Qxd6 12. Nxe4 Nxe4 13. Bxc4 Bd7 14. Bd3
Nf6 15. Ne5 O-O 16. e4 h6 17. Nxd7 Qxd7 18. e5 Ne8 19. f4 Nc7 20. f5 exf5 21.
Bxf5 Ne6 22. Qe2 Qc6 23. Bd3 a6 24. Qg4 b5 25. Rf6 1-0

[Event "Aberto Brasil - II Niterói Chess Open "]
[Site "Salão de Convenções do Hot"]
[Date "2022.09.01"]
[Round "1.35"]
[White "Vaz, Osvaldo Jose"]
[Black "Sega, Carlos Alberto"]
[Result "0-1"]
[WhiteElo "1645"]
[BlackElo "2184"]
[PlyCount "118"]
[EventDate "2022.09.01"]
[EventRounds "9"]
[EventCountry "BRA"]

1. e4 e5 2. Bc4 Nf6 3. d3 c6 4. Nf3 Be7 5. O-O d6 6. Nc3 O-O 7. Ne2 d5 8. Bb3
a5 9. a3 dxe4 10. dxe4 Qxd1 11. Rxd1 Nxe4 12. Nxe5 Na6 13. Be3 Nac5 14. Ba2 Be6
15. Bxe6 Nxe6 16. Nd4 Nxd4 17. Rxd4 Nf6 18. Rad1 Nd5 19. R4d3 Nxe3 20. Rxe3 Bg5
21. Red3 Rfe8 22. Nf3 Bf6 23. c3 Re2 24. R3d2 Rxd2 25. Rxd2 a4 26. Kf1 Kf8 27.
Rd7 Rb8 28. Nd2 Ke8 29. Rd3 b5 30. Ne4 Be7 31. Ke2 Rd8 32. g4 h6 33. h3 Rd7 34.
f3 g6 35. Nf2 Bg5 36. Nd1 Ke7 37. Rxd7+ Kxd7 38. Kd3 Bf6 39. Nf2 Be5 40. Ke4
Ke6 41. Nd1 f5+ 42. Kd3 c5 43. Kc2 Bf4 44. c4 b4 45. Nf2 b3+ 46. Kd1 Be5 47.
Nd3 Kd6 48. Kd2 Bd4 49. Ke2 Ke6 50. Kd2 Kf6 51. Ke2 Kg5 52. Kf1 h5 53. gxh5
Kxh5 54. Kg2 Kh4 55. Kh2 g5 56. Kg2 g4 57. hxg4 fxg4 58. fxg4 Kxg4 59. Kf1 Kf3
0-1

[Event "Aberto Brasil - II Niterói Chess Open "]
[Site "Salão de Convenções do Hot"]
[Date "2022.09.01"]
[Round "1.36"]
[White "Freitas, Andre Henrique Lemo"]
[Black "De Oliveira, Joao Eudes"]
[Result "1-0"]
[WhiteElo "2184"]
[BlackElo "1643"]
[PlyCount "53"]
[EventDate "2022.09.01"]
[EventRounds "9"]
[EventCountry "BRA"]

1. Nf3 Nf6 2. d4 e6 3. g3 d5 4. Bg2 Be7 5. O-O O-O 6. c4 c6 7. Nbd2 Nbd7 8. Qc2
Re8 9. e4 dxe4 10. Nxe4 Nxe4 11. Qxe4 Nf6 12. Qe2 Bf8 13. Rd1 Qb6 14. Ne5 Nd7
15. c5 Qd8 16. b4 Nf6 17. Bg5 Be7 18. Bxf6 Bxf6 19. b5 cxb5 20. Qxb5 Qe7 21. c6
Rb8 22. Rac1 Bxe5 23. dxe5 Kf8 24. c7 Ra8 25. Bxb7 Bxb7 26. Qxb7 Rec8 27. Qxa8
1-0

[Event "Aberto Brasil - II Niterói Chess Open "]
[Site "Salão de Convenções do Hot"]
[Date "2022.09.01"]
[Round "1.37"]
[White "Campos, Otavio Moraes"]
[Black "Do Valle Cardoso, Lucas"]
[Result "0-1"]
[WhiteElo "1636"]
[BlackElo "2162"]
[PlyCount "102"]
[EventDate "2022.09.01"]
[EventRounds "9"]
[EventCountry "BRA"]

1. c4 e5 2. Nc3 Nf6 3. Nf3 Nc6 4. g3 d5 5. cxd5 Nxd5 6. Nxd5 Qxd5 7. Bg2 e4 8.
Ng1 Bb4 9. a3 Ba5 10. b4 Bb6 11. d3 Bf5 12. e3 O-O-O 13. d4 Nxd4 14. Bb2 Ne6
15. Ne2 Qxd1+ 16. Rxd1 Rxd1+ 17. Kxd1 Rd8+ 18. Kc2 f6 19. h4 Bg4 20. Nc3 f5 21.
a4 a5 22. b5 Nc5 23. Bf1 Nd3 24. Bxd3 Rxd3 25. Nb1 g6 26. Bc3 Rd5 27. Nd2 Be2
28. Nb3 c6 29. bxc6 bxc6 30. Nd4 Bd3+ 31. Kb3 Kd7 32. Rc1 c5 33. Nb5 Kc6 34.
Na3 Rd8 35. Nc4 Bc7 36. Nxa5+ Kd5 37. Ka3 c4 38. Bb4 Rb8 39. Bc3 Ra8 40. Nxc4
Bxc4 41. Bb4 Bb6 42. Rd1+ Bd3 43. Rc1 Bb5 44. a5 Be8 45. Kb3 Bd8 46. a6 Bb6 47.
Rd1+ Kc6 48. Rd6+ Kb5 49. Rf6 Rxa6 50. Rf8 Ra8 51. Rh8 Bf7+ 0-1

[Event "Aberto Brasil - II Niterói Chess Open "]
[Site "Salão de Convenções do Hot"]
[Date "2022.09.01"]
[Round "1.39"]
[White "Pereira, Armando Scharlau"]
[Black "Piccoli, Lucas Fonseca"]
[Result "0-1"]
[WhiteElo "1604"]
[BlackElo "2156"]
[PlyCount "72"]
[EventDate "2022.09.01"]
[EventRounds "9"]
[EventCountry "BRA"]

1. c4 c5 2. g3 Nc6 3. Bg2 g6 4. Nc3 Bg7 5. e3 e5 6. Nge2 d6 7. O-O Nge7 8. a3
Be6 9. Nd5 O-O 10. Rb1 Rb8 11. b4 cxb4 12. axb4 b5 13. Nxe7+ Nxe7 14. cxb5 Bc4
15. d3 Bxb5 16. Re1 Qc7 17. Bb2 d5 18. Qd2 Qd6 19. Nc3 Rfc8 20. Na2 Rc6 21.
Rec1 Rcb6 22. Rc5 Bd7 23. Rbc1 d4 24. e4 Be6 25. Ba3 Rb5 26. R1c2 Qa6 27. Rc7
Qxa3 28. Rxe7 a5 29. Ra7 Bxa2 30. Rxa2 Qxb4 31. Qxb4 axb4 32. Rb2 Rc5 33. Ra4
b3 34. Bh3 Rc2 35. Rb1 b2 36. Ra2 Rc1+ 0-1

[Event "Aberto Brasil - II Niterói Chess Open "]
[Site "Salão de Convenções do Hot"]
[Date "2022.09.01"]
[Round "1.40"]
[White "Tomiello, Lucas Costamilan"]
[Black "Brambilla, Renee Blandy T."]
[Result "1-0"]
[WhiteElo "2147"]
[BlackElo "1616"]
[PlyCount "49"]
[EventDate "2022.09.01"]
[EventRounds "9"]
[EventCountry "BRA"]

1. d4 Nf6 2. c4 g6 3. Nc3 Bg7 4. e4 d6 5. h3 Nbd7 6. Nf3 O-O 7. Bg5 c5 8. d5
Qa5 9. Qd2 a6 10. Bd3 b5 11. O-O bxc4 12. Bxc4 Ne5 13. Nxe5 dxe5 14. f4 Qc7 15.
d6 exd6 16. fxe5 Nd7 17. Bxf7+ Rxf7 18. Rxf7 Kxf7 19. Qd5+ Kf8 20. Rf1+ Bf6 21.
Bh6+ Ke7 22. exf6+ Nxf6 23. Bg5 Bb7 24. Rxf6 Ke8 25. Qe6+ 1-0

[Event "Aberto Brasil - II Niterói Chess Open "]
[Site "Salão de Convenções do Hot"]
[Date "2022.09.01"]
[Round "1.41"]
[White "Nobre, Jose Adalberto Barb"]
[Black "Ribeiro, Matheus Mendes Domi"]
[Result "0-1"]
[WhiteElo "1593"]
[BlackElo "2142"]
[PlyCount "68"]
[EventDate "2022.09.01"]
[EventRounds "9"]
[EventCountry "BRA"]

1. e4 e6 2. d3 d5 3. Nd2 Nf6 4. Qe2 c5 5. g3 Nc6 6. Bg2 Be7 7. Ngf3 O-O 8. O-O
b6 9. Re1 Bb7 10. h3 Nb4 11. Qd1 dxe4 12. dxe4 Nxe4 13. a3 Nxd2 14. Bxd2 Nc6
15. Qe2 Bf6 16. Rad1 Qe7 17. c3 Rfd8 18. Bf4 h6 19. Nd2 Bg5 20. Bxg5 Qxg5 21.
Ne4 Qe7 22. g4 Rxd1 23. Rxd1 Rd8 24. Rxd8+ Qxd8 25. b4 cxb4 26. cxb4 Qd4 27.
Qd2 Kf8 28. Qxd4 Nxd4 29. Nd6 Bxg2 30. Kxg2 Nc2 31. Nc8 Nxa3 32. Nxa7 Ke8 33.
Nc8 Kd8 34. Na7 Kd7 0-1

[Event "Aberto Brasil - II Niterói Chess Open "]
[Site "Salão de Convenções do Hot"]
[Date "2022.09.01"]
[Round "1.42"]
[White "Nemeth Junior, Henrique"]
[Black "Lisboa, Erico Fagundes Anic"]
[Result "1-0"]
[WhiteElo "2137"]
[BlackElo "1592"]
[PlyCount "69"]
[EventDate "2022.09.01"]
[EventRounds "9"]
[EventCountry "BRA"]

1. c4 e5 2. Nc3 Nf6 3. Nf3 Nc6 4. e4 d6 5. d4 Bg4 6. d5 Nd4 7. Be2 Nxf3+ 8.
Bxf3 Bd7 9. Be3 g6 10. Qd2 Bg7 11. h3 c6 12. dxc6 Bxc6 13. Rd1 O-O 14. Qxd6 Qa5
15. O-O Rfd8 16. Qc5 Qa6 17. Rxd8+ Rxd8 18. Rd1 Nd7 19. Qe7 Bf6 20. Qb4 b6 21.
Bg4 Qb7 22. Nd5 Bg7 23. Qe7 Qc8 24. Qa3 Bxd5 25. Rxd5 Qc7 26. Qd3 f5 27. exf5
e4 28. Qxe4 Nf6 29. Qe6+ Kh8 30. Rxd8+ Qxd8 31. fxg6 Nxg4 32. Qxg4 Bxb2 33. Qh5
Qd7 34. Qxh7+ Qxh7 35. gxh7 1-0

[Event "Aberto Brasil - II Niterói Chess Open "]
[Site "Salão de Convenções do Hot"]
[Date "2022.09.01"]
[Round "1.43"]
[White "Rovedo, Salomao"]
[Black "Da Cunha, Fabio Barbosa"]
[Result "0-1"]
[WhiteElo "1592"]
[BlackElo "2130"]
[PlyCount "40"]
[EventDate "2022.09.01"]
[EventRounds "9"]
[EventCountry "BRA"]

1. d4 Nf6 2. Nf3 g6 3. g3 Bg7 4. Bg2 O-O 5. O-O d6 6. c3 Nbd7 7. Re1 h6 8. h4
e5 9. e4 Qe7 10. b3 Ng4 11. Bb2 c5 12. dxc5 Nxc5 13. Nbd2 Be6 14. b4 Nd3 15.
Rf1 Nxb2 16. Qc2 Nc4 17. Nxc4 Bxc4 18. Rfd1 f5 19. Nd2 Be6 20. f3 Ne3 0-1

[Event "Aberto Brasil - II Niterói Chess Open "]
[Site "Salão de Convenções do Hot"]
[Date "2022.09.01"]
[Round "1.45"]
[White "Pereira, Rodrigo Ferreira"]
[Black "Lage, Pedro Ferreira"]
[Result "0-1"]
[WhiteElo "1568"]
[BlackElo "2119"]
[PlyCount "76"]
[EventDate "2022.09.01"]
[EventRounds "9"]
[EventCountry "BRA"]

1. c4 c5 2. Nc3 Nc6 3. g3 g6 4. Bg2 Bg7 5. e3 Nh6 6. Nge2 Nf5 7. d3 O-O 8. O-O
b6 9. b3 Bb7 10. Bb2 Qc8 11. Qd2 Ne5 12. e4 Nd4 13. f4 Nec6 14. f5 Qb8 15. Nd5
Qe5 16. Nxd4 Nxd4 17. Rf2 Bxd5 18. cxd5 a5 19. a4 Qd6 20. Qd1 Be5 21. Rb1 Rab8
22. Kh1 b5 23. Bxd4 Bxd4 24. Re2 bxa4 25. bxa4 Rxb1 26. Qxb1 Rb8 27. Qe1 Qe5
28. Bh3 Rb3 29. fxg6 hxg6 30. Bxd7 Ra3 31. Rc2 Qh5 32. Kg2 Ra1 33. g4 Qg5 34.
h4 Qf4 35. Rf2 Qd6 36. Qxa5 Qxd7 37. Rf4 Be3 38. Qc3 Ra2+ 0-1

[Event "Aberto Brasil - II Niterói Chess Open "]
[Site "Salão de Convenções do Hot"]
[Date "2022.09.01"]
[Round "1.46"]
[White "Do Nascimento, Christian Almeida"]
[Black "De Oliveira, Sergio Patricio"]
[Result "1-0"]
[WhiteElo "2089"]
[BlackElo "1605"]
[PlyCount "71"]
[EventDate "2022.09.01"]
[EventRounds "9"]
[EventCountry "BRA"]

1. d4 d5 2. Bf4 Nf6 3. Nf3 e6 4. e3 c5 5. c3 Nc6 6. Nbd2 cxd4 7. exd4 Bd6 8.
Bg5 h6 9. Bh4 O-O 10. Bd3 e5 11. dxe5 Nxe5 12. Nxe5 Bxe5 13. O-O Qc7 14. Nf3
Bg4 15. h3 Bh5 16. g4 Nxg4 17. hxg4 Bxg4 18. Be2 Bxf3 19. Bxf3 g5 20. Bg3 Bxg3
21. fxg3 Qxg3+ 22. Bg2 Rad8 23. Qd4 Rfe8 24. Rf3 Qe5 25. Rd1 Qe2 26. Rf2 Qe3
27. Qf6 Qe6 28. Qf3 b6 29. Bh3 Qg6 30. Bf5 Qd6 31. Bc2 Qd7 32. Rdf1 Re7 33. Rh2
Qd6 34. Qf5 Qc5+ 35. Kh1 Rd6 36. Qh7+ 1-0

[Event "Aberto Brasil - II Niterói Chess Open "]
[Site "Salão de Convenções do Hot"]
[Date "2022.09.01"]
[Round "1.47"]
[White "Santiago, Mauro"]
[Black "Lima, Kleyton Alcantara"]
[Result "0-1"]
[WhiteElo "1556"]
[BlackElo "2107"]
[PlyCount "64"]
[EventDate "2022.09.01"]
[EventRounds "9"]
[EventCountry "BRA"]

1. d4 Nf6 2. Nf3 e6 3. c4 Bb4+ 4. Bd2 Qe7 5. g3 Nc6 6. Bg2 Bxd2+ 7. Nbxd2 d6 8.
O-O O-O 9. Re1 a5 10. e4 e5 11. d5 Nb8 12. h3 Na6 13. Nb3 a4 14. Na5 Bd7 15. b3
b6 16. Nc6 Bxc6 17. dxc6 Qe8 18. Nd2 Qxc6 19. a3 axb3 20. Qxb3 Nc5 21. Qb5 Qb7
22. Nb3 Nfd7 23. h4 Nxb3 24. Qxb3 Nc5 25. Qe3 Ra4 26. Bf1 Rfa8 27. f3 Qa7 28.
Qg5 Rxa3 29. Rxa3 Qxa3 30. Re3 Qc1 31. Kf2 Ne6 32. Qe7 Ra1 0-1